Zur Notwendigkeit einer islamischen Gefängnisseelsorge: Imam Martin Husamuddin Meyer hielt diesen Vortrag auf der Tagung "Einwanderungsland Deutschland - Migration, Strafjustiz und Soziale Arbeit" der Bewährungshilfe Stuttgart e.V. am 9. März 2016

Gespeichert in:  
Bibliographische Detailangaben
1. VerfasserIn: Meyer, Martin Husamuddin (Verfasst von)
Medienart: Druck Aufsatz
Sprache:Deutsch
Veröffentlicht: 2016
In: Informationsdienst Straffälligenhilfe
Jahr: 2016, Band: 24, Heft: 2, Seiten: 12-13
Verfügbarkeit prüfen: HBZ Gateway
Schlagwörter:

MARC

LEADER 00000naa a2200000 c 4500
001 163702830X
003 DE-627
005 20170321151817.0
007 tu
008 170321s2016 xx ||||| 00| ||ger c
035 |a (DE-627)163702830X 
035 |a (DE-576)48573902X 
035 |a (DE-599)BSZ48573902X 
040 |a DE-627  |b ger  |c DE-627  |e rda 
041 |a ger 
100 1 |a Meyer, Martin Husamuddin  |e VerfasserIn  |0 (DE-627)1555738559  |0 (DE-576)485738554  |4 aut 
109 |a Meyer, Martin Husamuddin  |a Husamuddin Meyer, Martin 
245 1 0 |a Zur Notwendigkeit einer islamischen Gefängnisseelsorge  |b Imam Martin Husamuddin Meyer hielt diesen Vortrag auf der Tagung "Einwanderungsland Deutschland - Migration, Strafjustiz und Soziale Arbeit" der Bewährungshilfe Stuttgart e.V. am 9. März 2016  |c von Martin Husamuddin Meyer (Muslimischer Gefängnisseelsorger, JVA Wiesbaden) 
264 1 |c 2016 
336 |a Text  |b txt  |2 rdacontent 
337 |a ohne Hilfsmittel zu benutzen  |b n  |2 rdamedia 
338 |a Band  |b nc  |2 rdacarrier 
773 0 8 |i Enthalten in  |t Informationsdienst Straffälligenhilfe  |d Berlin : Bundesarbeitsgemeinschaft für Straffälligenhilfe (BAG-S) e.V., 1993  |g 24(2016), 2, Seite 12-13  |w (DE-627)234524146  |w (DE-600)1395293-6  |w (DE-576)061470864  |x 1610-0484  |7 nnas 
773 1 8 |g volume:24  |g year:2016  |g number:2  |g pages:12-13 
951 |a AR 
ELC |b 1 
LOK |0 000 xxxxxcx a22 zn 4500 
LOK |0 001 3294980434 
LOK |0 003 DE-627 
LOK |0 004 163702830X 
LOK |0 005 20250407121301 
LOK |0 008 170321||||||||||||||||ger||||||| 
LOK |0 040   |a DE-21-110  |c DE-627  |d DE-21-110 
LOK |0 689   |a s  |a Seelsorge 
LOK |0 689   |a s  |a Strafvollzug 
LOK |0 689   |a s  |a Islam 
LOK |0 689   |a s  |a Religion 
LOK |0 852   |a DE-21-110 
LOK |0 852 1  |m p  |9 00 
LOK |0 938   |k p 
LOK |0 939   |a 21-03-17  |b l01 
ORI |a SA-MARC-krimdoka001.raw